Vista normal Vista MARC

Entrada Nombre personal

Número de registros utilizados en: 2

001 - NÚMERO DE CONTROL

  • campo de control: 130347

003 - IDENTIFICADOR DE NÚMERO DE CONTROL

  • campo de control: SpMaBN

005 - FECHA Y HORA DE LA ÚLTIMA TRANSACCIÓN

  • campo de control: 20250724043927.0

008 - ELEMENTOS DE DATO DE LONGITUD-FIJA

  • campo de control de longitud fija: 110127n #azznnaabn a aac ##

040 ## - FUENTE DE CATALOGACIÓN

  • Centro catalogador/agencia de origen: SpMaBN
  • Lengua de catalogación: spa
  • Centro/agencia transcriptor: SpMaBN
  • Normas de descripción: rdc
  • Convención/Normas de encabezamiento de materia/tesauro: embne

042 ## - CÓDIGO DE AUTENTICACIÓN

  • Código de autenticación: NORM20110127

100 1# - ENCABEZAMIENTO-NOMBRE DE PERSONA

  • Nombre de persona: Fabio Máximo, Quinto

400 1# - TRAZADO DE VÉASE--NOMBRE DE PERSONA

  • Nombre de persona: Máximo, Quinto Fabio

400 1# - TRAZADO DE VÉASE--NOMBRE DE PERSONA

  • Nombre de persona: Quinto Fabio Máximo

400 1# - TRAZADO DE VÉASE--NOMBRE DE PERSONA

  • Nombre de persona: Fabius Maximus, Quintus

670 ## - FUENTE DE DATOS ENCONTRADOS

  • Cita de la fuente: Pericles-Fabio Máximo, 2010

670 ## - FUENTE DE DATOS ENCONTRADOS

  • Cita de la fuente: WWW Wikpedia, 27-1-2011
  • Información encontrada: (Quinto Fabio Máximo; (h. 280 a. C.-203 a. C.), (en latín, Quintus Fabius Maximus) llamado Cunctator (el que retrasa), político y militar romano)